000 00283nam a2200121Ia 4500
008 220216s9999 xx 000 0 und d
100 _aStevens H P
245 0 _aRubber photogels. Pt.2
260 _bIRI Transactions
_c1943
300 _a218-224
650 _aPhotogels
942 _cJS
999 _c67865
_d67865